Johnny Tremain / written by Esther Forbes ; illustrated by Lynd Ward.
Fourteen-year-old Johnny Tremain, an apprentice silversmith with a bright future ahead of him, injures his hand in a tragic accident, forcing him to look for other work. In his new job as a horse-boy, riding for the patriotic newspaper, The Boston Observer, and as a messenger for the Sons of Liberty, he encounters John Hancock, Samuel Adams, and Dr. Joseph Warren. Soon Johnny is involved in the pivotal events shaping the American Revolution from the Boston Tea Party to the first shots fired at Lexington.
Record details
- ISBN: 9780547614328
- ISBN: 0547614322
- ISBN: 9781451711530
- ISBN: 1451711530
- ISBN: 9780606234337
- ISBN: 0606234330
- Physical Description: 300 pages : illustrations ; 20 cm
- Publisher: Boston : Houghton Mifflin Harcourt, [2011], ©1971.
Content descriptions
| General Note: | "A story of Boston in revolt"--Cover. Originally published: United States : Houghton Mifflin Books for Children, 1943. |
| Formatted Contents Note: | Introduction -- Up and about -- The pride of your power -- An earth of brass -- The rising eye -- The Boston Observer -- Salt-water tea -- The fiddler's bill -- A world to come -- The scarlet deluge -- 'Disperse, Ye rebels!' -- Yankee Doodle -- Man can stand up. |
| Target Audience Note: | Ages 9-12. |
| Awards Note: | Newbery Medal, 1944 |
Search for related items by subject
| Genre: | Historical fiction. Biographical fiction. |
Available copies
- 1 of 1 copy available at scottsboropl.
Holds
- 0 current holds with 1 total copy.
Show Only Available Copies
| Location | Call Number / Copy Notes | Barcode | Shelving Location | Status | Due Date |
|---|---|---|---|---|---|
| scottsboropl | JF For | 32269001026189 | Juvenile - Fiction | Available | - |
| LDR | 02755nam a2200529 a 4500 | ||
|---|---|---|---|
| 001 | 144509 | ||
| 003 | CONS | ||
| 005 | 20170929120348.0 | ||
| 008 | 120228t20111971maua c 000 1deng | ||
| 010 | . | ‡a 2012359453 | |
| 020 | . | ‡a9780547614328 ‡q(paperback) | |
| 020 | . | ‡a0547614322 ‡q(paperback) | |
| 020 | . | ‡a9781451711530 ‡q(lib. bdg. : Paw Prints) | |
| 020 | . | ‡a1451711530 ‡q(lib. bdg. : Paw Prints) | |
| 020 | . | ‡a9780606234337 | |
| 020 | . | ‡a0606234330 | |
| 035 | . | ‡a(CPomAG)LMN601850 | |
| 042 | . | ‡alcac ‡apcc | |
| 043 | . | ‡an-us-ma ‡an-us--- | |
| 050 | 0 | 0. | ‡aPZ7.F749 ‡bJo 2011 |
| 082 | 0 | 0. | ‡a[Fic] ‡223 |
| 100 | 1 | . | ‡aForbes, Esther, ‡eauthor. |
| 245 | 1 | 0. | ‡aJohnny Tremain / ‡cwritten by Esther Forbes ; illustrated by Lynd Ward. |
| 260 | . | ‡aBoston : ‡bHoughton Mifflin Harcourt, ‡c[2011], ©1971. | |
| 300 | . | ‡a300 pages : ‡billustrations ; ‡c20 cm | |
| 336 | . | ‡atext ‡btxt ‡2rdacontent | |
| 337 | . | ‡aunmediated ‡bn ‡2rdamedia | |
| 338 | . | ‡avolume ‡bnc ‡2rdacarrier | |
| 500 | . | ‡a"A story of Boston in revolt"--Cover. | |
| 500 | . | ‡aOriginally published: United States : Houghton Mifflin Books for Children, 1943. | |
| 505 | 0 | . | ‡aIntroduction -- Up and about -- The pride of your power -- An earth of brass -- The rising eye -- The Boston Observer -- Salt-water tea -- The fiddler's bill -- A world to come -- The scarlet deluge -- 'Disperse, Ye rebels!' -- Yankee Doodle -- Man can stand up. |
| 520 | . | ‡aFourteen-year-old Johnny Tremain, an apprentice silversmith with a bright future ahead of him, injures his hand in a tragic accident, forcing him to look for other work. In his new job as a horse-boy, riding for the patriotic newspaper, The Boston Observer, and as a messenger for the Sons of Liberty, he encounters John Hancock, Samuel Adams, and Dr. Joseph Warren. Soon Johnny is involved in the pivotal events shaping the American Revolution from the Boston Tea Party to the first shots fired at Lexington. | |
| 521 | 1 | . | ‡aAges 9-12. |
| 586 | . | ‡aNewbery Medal, 1944 | |
| 600 | 1 | 0. | ‡aHancock, John, ‡d1737-1793 ‡vJuvenile fiction. |
| 600 | 1 | 0. | ‡aAdams, Samuel, ‡d1722-1803 ‡vJuvenile fiction. |
| 600 | 1 | 0. | ‡aWarren, Joseph, ‡d1741-1775 ‡vJuvenile fiction. |
| 650 | 0. | ‡aSilversmiths ‡xApprentices ‡vJuvenile fiction. | |
| 650 | 0. | ‡aHand ‡xWounds and injuries ‡vJuvenile fiction. | |
| 651 | 0. | ‡aBoston (Mass.) ‡xHistory ‡yRevolution, 1775-1783 ‡vJuvenile fiction. | |
| 651 | 1. | ‡aUnited States ‡xHistory ‡yRevolution, 1775-1783 ‡vFiction. | |
| 655 | 7. | ‡aHistorical fiction. ‡2lcgft | |
| 655 | 7. | ‡aBiographical fiction. ‡2lcgft | |
| 700 | 1 | . | ‡aWard, Lynd, ‡d1905-1985, ‡eillustrator. |
| 914 | . | ‡aSCP_kt | |
| 959 | . | ‡i32269001026189 ‡lJF For ‡aJuvenile - Fiction ‡tJuv Fiction ‡g8.00 | |
| 852 | . | ‡p32269001026189 ‡jJF For ‡gJuvenile - Fiction ‡cJuv Fiction ‡y8.00 ‡bSBPL | |
| 901 | . | ‡a144509 ‡bUnknown ‡c144509 ‡tbiblio | |